Elementos de cristalografía y mineralogía
Uloženo v:
| Hlavní autoři: | , |
|---|---|
| Médium: | Kniha |
| Jazyk: | španělština |
| Vydáno: |
Barcelona
Omega
1963
|
| Témata: | |
| Tagy: |
Přidat tag
Žádné tagy, Buďte první, kdo vytvoří štítek k tomuto záznamu!
|
MARC
| LEADER | 00000nam a2200000 a 4500 | ||
|---|---|---|---|
| 001 | UCT3322 | ||
| 003 | CL-VaPUC | ||
| 008 | 961018e19630000SP |||||||||||||||||spa|d | ||
| 082 | 0 | 4 | |a 548 |b WAD |2 21 |
| 100 | 0 | |a Wade, F. Alton |e author |9 372244 | |
| 700 | 0 | |a Mattox, Richard B |e author |9 372245 | |
| 245 | 1 | 0 | |a Elementos de cristalografía y mineralogía |
| 300 | |a 371 p | ||
| 942 | |c BK | ||
| 945 | |d 19961018 00:00:00 |a lriquelm | ||
| 260 | |a Barcelona |b Omega |c 1963 | ||
| 650 | 7 | |a CRISTALOGRAFIA |2 CL-VaPUC |9 345856 | |
| 650 | 0 | |a Mineralogía |9 267055 | |
| 650 | 7 | |a CRISTALES |2 CL-VaPUC |9 357403 | |
| 650 | 0 | |a Química analítica |9 259648 | |
| 650 | 7 | |a ESTRUCTURAS CRISTALINA |2 CL-VaPUC |9 372246 | |
| 650 | 0 | |a Propiedades físicas |9 342981 | |
| 650 | 0 | |a Propiedades químicas |9 345805 | |
| 583 | |a last modification |c 19961018 00:00:00 |k Rodrigo Vera | ||
| 999 | |c 253015 |d 253013 | ||